00647nam a2200181 i 4500001000300000245010500003260007300108300002400181490002400205504003100229700002300260830001700283040000800300041000800308080001000316008004100326856009800367bg 0aFizyko-mechaniczne badania usieciowanego chemicznie polipropylenu /c[Aut.] K[rzysztof] Kamert i in. aWarszawa :b[Instytut Podstawowych Problemów Techniki PAN],c1980. as. 46 :brys., tab.1 aPrace IPPT ;vNr 20 a[Zawiera bibliogr. s. 17].1 aKAMERT, Krzysztof. aPrace IPPT ; cBPK apol a678.7 s pl f |000 0 pol  uhttp://koha.tu.koszalin.pl/cgi-bin/koha/opac-detail.pl?biblionumber=20838yKatalog online BPK